What every teacher should know about diverse learners / (Record no. 865)
| 000 -LEADER | |
|---|---|
| fixed length control field | 00799cam a2200229 a 4500 |
| 001 - CONTROL NUMBER | |
| control field | 16079929 |
| 003 - CONTROL NUMBER IDENTIFIER | |
| control field | OSt |
| 005 - DATE AND TIME OF LATEST TRANSACTION | |
| control field | 20140116120840.0 |
| 008 - FIXED-LENGTH DATA ELEMENTS--GENERAL INFORMATION | |
| fixed length control field | 100202s2010 caua b 001 0 eng |
| 020 ## - INTERNATIONAL STANDARD BOOK NUMBER | |
| International Standard Book Number | 9781412971751 |
| 050 00 - LIBRARY OF CONGRESS CALL NUMBER | |
| Classification number | LC1099.3.T55 2010 |
| 100 1# - MAIN ENTRY--PERSONAL NAME | |
| Personal name | Tileston, Donna Walker. |
| 245 10 - TITLE STATEMENT | |
| Title | What every teacher should know about diverse learners / |
| Statement of responsibility, etc | Donna Walker Tileston. |
| 250 ## - EDITION STATEMENT | |
| Edition statement | 2nd ed. |
| 260 ## - PUBLICATION, DISTRIBUTION, ETC. (IMPRINT) | |
| Place of publication, distribution, etc | Thousand Oaks, Calif. : |
| Name of publisher, distributor, etc | Corwin, |
| Date of publication, distribution, etc | 2010. |
| 300 ## - PHYSICAL DESCRIPTION | |
| Extent | xvii, 101 p. : |
| Other physical details | ill. |
| Dimensions | - |
| 504 ## - BIBLIOGRAPHY, ETC. NOTE | |
| Bibliography, etc | Includes bibliographical references and index. |
| 650 #0 - SUBJECT ADDED ENTRY--TOPICAL TERM | |
| Topical term or geographic name as entry element | Multicultural education |
| Geographic subdivision | United States |
| General subdivision | History. |
| 650 #0 - SUBJECT ADDED ENTRY--TOPICAL TERM | |
| Topical term or geographic name as entry element | Minorities |
| General subdivision | Education |
| Geographic subdivision | United States |
| General subdivision | History. |
| 942 ## - ADDED ENTRY ELEMENTS (KOHA) | |
| Source of classification or shelving scheme | |
| Koha item type | Book |
| Withdrawn status | Lost status | Source of classification or shelving scheme | Damaged status | Not for loan | Home library | Current library | Date acquired | Cost, normal purchase price | Total Checkouts | Total Renewals | Full call number | Barcode | Date last seen | Date checked out | Copy number | Price effective from | Koha item type |
|---|---|---|---|---|---|---|---|---|---|---|---|---|---|---|---|---|---|
| Riara University Library | Riara University Library | 26/01/2012 | 1490.00 | 4 | 1 | LC1099.3.T55 2010 | 3284/11 | 23/09/2016 | 08/09/2016 | C.2 | 26/01/2012 | Book | |||||
| Riara University Library | Riara University Library | 26/01/2012 | 1490.00 | 1 | LC1099.3.T55 2010 | 3285/11 | 20/03/2017 | 03/03/2017 | C.1 | 26/01/2012 | Book |
